[Event "World Junior U20 Open 2018"]
[Site "Gebze"]
[Date "2018.09.06"]
[Round "2.19"]
[White "Puranik, Abhimanyu"]
[Black "Philippe, Guillaume"]
[Result "1/2-1/2"]
[WhiteElo "2524"]
[BlackElo "2358"]
[Annotator "TA"]
[PlyCount "125"]
[EventDate "2018.09.05"]
[EventType "swiss"]
[EventCountry "TUR"]
[SourceTitle "playchess.com"]
[Source "ChessBase"]
[SourceQuality "1"]

{[%evp 10,125,30,25,36,29,48,0,0,0,8,-7,0,-8,-14,-11,0,0,12,9,10,0,0,0,0,0,0,0,0,0,0,0,14,0,0,0,0,0,0,0,0,-23,-8,-25,0,0,0,0,0,-74,-73,-72,-80,-79,-79,-135,-129,-131,-116,-118,-111,-135,-114,-188,-188,-188,-188,-188,-188,-188,-188,-188,-178,-177,-116,-314,-311,-311,-311,-286,-286,-286,-286,-286,-285,-285,-285,-270,-253,-235,-170,-541,-137,-129,-115,-115,0,-115,-115,-250,-208,-198,-8,-8,-8,-8,-8,-8,-8,-8,0,0,0,0,0,0,0,0]} 1. Nf3 Nf6 2. g3 b5 3. Bg2 Bb7 4. Na3 a6 5. c4 c6 (5... b4 6. Nc2 e6 7. O-O Be7 8. d4 Be4 9. a3 bxa3 10. b3 O-O 11. Bxa3 d6 12. Ne3 c6 13. Qd2 Nbd7 14. Nd1 Qb6 15. Nc3 Qxb3 16. Ne5 dxe5 17. Bxe7 exd4 18. Nxe4 Nxe4 19. Bxe4 Rfe8 20. Bxc6 Ra7 21. Qxd4 {1-0 (21) Nakamura,H (2793)-Oparin,G (2604) Zuerich 2017}) 6. O-O {LiveBook: 11 Partien. A05: Übergänge in verschiedene Eröffnungen} d6 7. d4 Nbd7 8. Qb3 $146 {Weiß steht etwas besser.} ({Vorgänger:} 8. Qe1 e5 9. Bd2 Qb8 10. Rc1 exd4 11. Nxd4 {½-½ (11) Gonda,L (2500)-Miron,L (2495) Budapest 2016}) 8... e6 9. Bf4 Be7 10. Rac1 O-O 11. Rfd1 Qb6 12. Be3 Ng4 13. Bg5 Bxg5 14. Nxg5 {Weiss will c5! spielen.} Ngf6 15. c5 dxc5 16. dxc5 Nxc5 17. Qc2 h6 $1 18. Nxf7 Kxf7 19. Qxc5 Qxc5 20. Rxc5 Rfd8 21. Rcc1 Rxd1+ 22. Rxd1 Ke7 23. Nc2 Nd5 24. e4 Nb6 25. b4 a5 26. a3 axb4 27. axb4 Ra2 28. Nd4 Rb2 29. Bh3 (29. e5 $11 {hält das Gleichgewicht.}) 29... Rxb4 $17 30. Nxe6 Bc8 31. Nd8 Rc4 32. Bf1 (32. Bxc8 $142 Nxc8 33. f4) 32... Rc3 33. Nxc6+ Rxc6 34. Bxb5 Rc2 35. Bd3 Rb2 36. Rb1 (36. Rc1 $17) 36... Rxb1+ $19 37. Bxb1 Kd6 38. f4 Kc5 39. Kf2 Kd4 40. e5 Nd5 41. Bg6 Be6 42. h4 $2 (42. Be8 $17) 42... Ne3 43. Bh5 Bg4 44. Bf7 h5 45. Bg6 Nf5 46. Bf7 Ne7 47. Be8 g6 48. Bf7 Bf5 49. Kf3 Kd3 50. Ba2 $2 {[#]} (50. Kf2) 50... Kd2 $2 (50... Be4+ $1 $19 {und Schwarz behält klar die Oberhand.} 51. Kf2 Bd5 52. Bxd5 Nxd5) 51. Kf2 Be4 52. Bf7 Bf5 53. Ba2 $1 Bc2 54. g4 (54. Bf7 $17) 54... hxg4 {Weiss muss nun ...Sf5 beachten.} 55. Kg3 {[#]} Bf5 $2 ({Lieber} 55... Bd1 $1 $19 56. Be6 Be2 57. Bxg4 Nf5+ 58. Kh3 (58. Bxf5 $2 gxf5 59. Kf2 Bh5 $19) 58... Bf1+ 59. Kh2 Nxh4) 56. Bf7 $11 {Die Stellung ist ausgeglichen.} Ke3 57. h5 gxh5 58. Bxh5 Nd5 59. Bxg4 Bxg4 60. Kxg4 Nxf4 61. Kf5 Kf3 62. e6 Nxe6 63. Kxe6 {Precision: Weiß = 51%, Schwarz = 64%.} 1/2-1/2

[Event "World Junior U20 Open 2018"]
[Site "Gebze"]
[Date "2018.09.06"]
[Round "2.20"]
[White "Zou, Chen"]
[Black "Santos Ruiz, Miguel"]
[Result "1/2-1/2"]
[WhiteElo "2365"]
[BlackElo "2524"]
[Annotator "TA"]
[PlyCount "146"]
[EventDate "2018.09.05"]
[EventType "swiss"]
[EventCountry "TUR"]
[SourceTitle "playchess.com"]
[Source "ChessBase"]
[SourceQuality "1"]

{[%evp 23,145,-18,8,-41,0,0,0,-13,-13,-13,-8,-12,-8,0,22,14,47,43,45,53,46,51,62,62,46,55,49,29,139,65,95,14,15,16,17,14,22,22,29,0,27,6,6,6,8,7,8,0,0,0,0,-8,-8,-8,-8,-8,-8,-8,-8,-8,-8,-8,-8,-8,-8,-23,-23,-41,-41,-41,-41,-41,-41,-40,-26,-26,-26,-26,-26,-26,-26,-26,-26,-26,-26,-26,-26,-26,-26,-26,0,-26,-26,-26,0,0,0,-26,-26,-26,-26,-26,-26,-26,0,-26,-26,-26,0,-26,0,0,0,0,0,0,0,0,0,0,0,0,0,0]} 1. e4 e5 2. Nf3 Nc6 3. Bb5 {[%cal Bf1b5,Bb5a4,Ba4b3][%mdl 32]} g6 4. c3 a6 5. Ba4 b5 6. Bb3 Bg7 7. O-O Nge7 8. d4 exd4 {C60: Spanische Partie} 9. cxd4 O-O 10. d5 (10. Nc3 d6 11. h3 Na5 12. Bc2 c5 13. dxc5 dxc5 14. Qxd8 Rxd8 {0-1 (65) Vachier Lagrave,M (2789)-Mamedyarov,S (2808) Leuven 2018}) 10... Na5 {[%cal Bc6a5,Ba5b7,Bb7c5][%mdl 32]} 11. d6 cxd6 12. Qxd6 Nb7 {LiveBook: 4 Partien} 13. Qb4 $146 ({Vorgänger:} 13. Qf4 Nc5 14. Rd1 d5 15. Bxd5 Nxd5 16. exd5 {0-1 (34) Shomoev,A (2557)-Zvjaginsev,V (2660) Moscow 2011}) 13... Nc6 14. Qe1 Nc5 15. Bg5 Qe8 16. Nc3 Bb7 17. Qe3 Nxb3 18. axb3 Nb4 {Und ...Sc2 würde nun gewinnen.} 19. Rad1 d5 20. Nxd5 Nxd5 21. exd5 {Droht stark Le7.} Qxe3 22. fxe3 h6 23. Be7 Rfe8 24. d6 {Td2 ist eine echte Drohung.} Bxb2 25. Ne1 Ba3 (25... a5 $11) 26. Nd3 (26. Bf6 $16) 26... Bd5 27. Nf4 (27. b4 $16 {Und weiter mit Ta1 wäre nett.} Bc4 28. Rf2) 27... Bxb3 $11 28. Nd5 $1 {[%cal Rd5f6]} ({Ein No Go ist} 28. Rd3 {[#]} Bxd6 $1 {[%mdl 512]} 29. Bxd6 Bc4 $17) 28... Bxd5 29. Rxd5 Rxe7 30. dxe7 Bxe7 {[%mdl 4096] Endspiel KTT-KTL} 31. Ra1 (31. Rd7 $5 {[%cal Rd7e7]} Kf8 32. Rc1 $11) 31... Bf6 32. Ra5 Bc3 33. Ra2 b4 34. Rb5 $1 Kg7 ({Viel schwächer wäre} 34... axb5 $6 35. Rxa8+ Kg7 36. Ra5 $16) 35. Rb6 a5 36. Ra4 $1 Bd2 37. Kf2 Re8 38. Rb5 Bxe3+ 39. Kf1 Bf4 40. Raxa5 Bxh2 41. Rxb4 Bg3 {[%csl Gg3][%cal Re8e1] [#]} 42. Rb1 h5 43. Ra7 g5 44. Ra3 h4 45. Rxg3 hxg3 {KT-KT} 46. Rb3 Kg6 47. Rxg3 f5 48. Ra3 Rb8 49. g3 Rb2 50. Ra5 Rd2 51. Rb5 Kf6 52. Ra5 g4 53. Rb5 Ke6 54. Rb4 Ke5 55. Rf4 Rd3 {Droht ...Tf3+ und aus.} 56. Kg2 Rd2+ 57. Kg1 Rd4 58. Rf2 Ke4 59. Rf4+ Ke5 60. Rf2 Rd3 61. Kg2 Re3 62. Rf4 Re2+ 63. Kg1 $1 Rd2 (63... Re1+ {with more complications.} 64. Kg2 Kf6 65. Rf2 Re4 66. Rf1 Rd4) 64. Rf1 Rd5 65. Rf4 Rd4 (65... Rd1+ {is interesting.} 66. Kg2 Ke6 67. Ra4 Rd2+ 68. Kf1 Rc2) 66. Rf2 f4 67. Rxf4 {Die Stellung ist ausgeglichen.} Rxf4 68. gxf4+ Kxf4 {KB-K} 69. Kf2 g3+ {[%cal Bg4g3,Bg3g2][%mdl 32]} 70. Kg2 Kg4 71. Kg1 Kh3 {( -> ...g2)} 72. Kh1 g2+ 73. Kg1 Kg3 $2 {[%mdl 8192] Precision: Weiß = 64%, Schwarz = 66%.} (73... Kg4 74. Kxg2) 1/2-1/2

[Event "World Junior U20 Open 2018"]
[Site "Gebze"]
[Date "2018.09.06"]
[Round "2.21"]
[White "Schitco, Ivan"]
[Black "Yakubboev, Nodirbek"]
[Result "1/2-1/2"]
[WhiteElo "2358"]
[BlackElo "2521"]
[Annotator "TA"]
[PlyCount "130"]
[EventDate "2018.09.05"]
[EventType "swiss"]
[EventCountry "TUR"]
[SourceTitle "playchess.com"]
[Source "ChessBase"]
[SourceQuality "1"]

{[%evp 15,130,25,43,22,29,23,28,23,29,23,65,54,65,21,32,31,39,15,14,14,26,17,18,0,15,0,0,-29,-39,-52,-65,-102,-109,-81,-43,-45,-21,-14,-8,-8,-16,-23,-23,-79,-70,-139,-81,-79,-72,-86,-76,-79,-79,-79,-82,-75,-80,-98,-93,-161,-56,-170,-100,-167,-150,-228,0,0,0,0,0,0,0,0,0,0,0,0,0,0,0,0,0,0,0,0,0,0,0,0,0,0,0,-4,-4,-4,-4,-4,-4,-64,-64,-64,-70,-80,-4,-4,0,0,0,0,0,0,0,0,0,0,0]} 1. d4 Nf6 2. c4 e6 3. g3 d5 4. Bg2 dxc4 5. Nf3 c5 6. O-O Nc6 7. dxc5 Bxc5 8. Qxd8+ {E04: Open Catalan: 5 Nf3} (8. Qa4 O-O 9. Qxc4 Be7 10. Nc3 Bd7 11. Rd1 Rc8 12. Bg5 h6 13. Bxf6 Bxf6 14. Qd3 Qb6 15. Ne4 Be7 16. Nd6 Rcd8 17. Qb3 Qc7 18. Nb5 Qb8 19. Nbd4 Bf6 {½-½ (38) Bu,X (2710)-Lu,S (2615) Taizhou 2015}) 8... Nxd8 {LiveBook: 5 Games} 9. Nbd2 c3 10. bxc3 {White has an edge.} Bd7 $146 ({Predecessor:} 10... b6 11. Nb3 {½-½ (11) Pigusov,E (2520)-Smagin,S (2555) Sochi 1987}) 11. Ne5 Rc8 12. a4 Bd6 13. Nxd7 Kxd7 14. c4 Nc6 15. Nb3 Ke7 16. Rb1 b6 17. a5 Nd7 18. axb6 axb6 19. Bb2 f6 20. Rbc1 Na5 21. Nxa5 bxa5 22. Bc3 Bb4 23. Bb7 Rc7 24. Ba6 Rb8 25. Bd4 Ra8 26. Bb5 a4 27. Ra1 a3 28. Rfb1 Bc5 $36 {[%mdl 2048] Black has the initiative.} 29. e3 (29. Bxc5+ $11 {remains equal.} Nxc5 30. Ra2) 29... e5 30. Bb2 (30. Bxc5+ $15 Nxc5 31. Ra2) 30... Nb6 (30... Bd6 $142 31. Bc1 e4) 31. Bc1 $17 Kd6 32. Ra2 Rca7 33. Rb3 Kc7 34. Kf1 Nc8 35. Ke2 Nd6 36. Kd3 e4+ 37. Ke2 (37. Kc2 $17 {is the only way for White.}) 37... f5 ({Black should play} 37... Nxb5 $19 38. Rxb5 Kc6) 38. h3 ({White has to play} 38. Bd2 $15) 38... g6 (38... Nxb5 $19 39. cxb5 Kb6) 39. Rb1 (39. Bd2 $17 {was called for.}) 39... Nxb5 40. Rxb5 {[#]} (40. cxb5 $17 Kb6 41. Bd2) 40... Ra5 $2 ({Black should try} 40... Kc6 $1 $19 {Threatens to win with ...Ra4.} 41. Kd2 Rd7+ 42. Kc2 Rd6) 41. Rxa5 $11 Rxa5 {[%mdl 4096] Endgame KRB-KRB} 42. Kd2 Bb4+ 43. Kc2 Kc6 {Hoping for ...Kc5.} 44. Kb3 Kc5 45. Bd2 $1 {[%cal Rd2b4]} Bxd2 46. Rxd2 {Rd5+ is the strong threat. KR-KR} Ra8 {And now ...a2! would win.} 47. Rd5+ Kc6 {Strongly threatening ...a2.} 48. Ka2 Ra4 49. Rd8 Ra7 50. Rd5 Ra8 51. Rb5 Ra4 52. Rb8 Kc7 53. Rb3 Rxc4 54. Kxa3 Rc1 (54... Rc2 $5) 55. h4 Kd6 {White must now prevent ...Ra1+.} 56. Rb2 Ke5 57. Kb3 (57. Rd2 $11) 57... Kf6 $1 $15 58. Rc2 Rd1 $1 59. Kb2 {[#]} Rf1 (59... Kg7 $1 $17) 60. Kc3 $11 {The position is equal.} h6 61. Rb2 g5 62. Rb6+ Kg7 63. hxg5 hxg5 64. Rb2 Kg6 65. g4 fxg4 {Precision: White = 56%, Black = 63%.} 1/2-1/2

[Event "World Junior U20 Open 2018"]
[Site "Gebze"]
[Date "2018.09.06"]
[Round "2.22"]
[White "Karthik Venkataraman"]
[Black "Schekachikhin, Maksim"]
[Result "1-0"]
[WhiteElo "2519"]
[BlackElo "2356"]
[Annotator "TA"]
[PlyCount "83"]
[EventDate "2018.09.05"]
[EventType "swiss"]
[EventCountry "TUR"]
[SourceTitle "playchess.com"]
[Source "ChessBase"]
[SourceQuality "1"]

{[%evp 21,83,0,0,-37,0,-35,0,-40,0,0,28,27,54,55,48,53,47,47,84,89,71,87,119,124,112,126,232,209,269,283,270,180,188,160,484,472,479,421,612,610,832,825,721,482,479,457,456,433,388,401,395,420,421,381,466,496,520,520,520,500,595,584,1595,1192]} 1. d4 d5 2. c4 c6 3. Nf3 Nf6 4. Nc3 e6 5. g3 Nbd7 6. Bg2 dxc4 7. O-O Be7 8. a4 a5 9. e4 O-O 10. Bf4 {E07: Closed Catalan: Main Line (5 Nf3 0-0 6 0-0 Nbd7)} (10. Qe2 b6 11. Rd1 Ba6 12. Bf4 Re8 13. h3 Bb4 14. g4 Qe7 15. Be3 Bxc3 16. bxc3 Nxe4 17. Qb2 Nef6 {½-½ (60) Wang,Y (2720)-Gelfand,B (2743) Beijing 2014}) 10... Bb4 11. Qc2 b6 {LiveBook: 3 Games} 12. Rad1 {The position is equal.} Bb7 13. Rfe1 $146 ({Predecessor:} 13. h4 Re8 14. Ng5 {0-1 (47) Javakhishvili,L (2454)-Stefanova,A (2506) Tbilisi 2011}) 13... Rc8 14. Nd2 (14. e5 $5 {[%cal Re5f6]} Nd5 15. Ng5 $15) 14... Ba6 (14... b5 $5) 15. Na2 c5 16. d5 e5 17. Bg5 h6 18. Bxf6 Nxf6 19. Nc3 Ne8 20. f4 exf4 21. gxf4 Qf6 22. Rf1 {[%mdl 1024] White has strong compensation.} Qg6 {[#]} 23. Nf3 $1 Nf6 (23... Nd6 $16) 24. Nh4 $18 Qh5 25. Qf2 Qg4 26. Kh1 Rce8 27. e5 {[#] Black must now prevent h3.} Nh7 $2 (27... Bxc3 $16 28. bxc3 g5) 28. Be4 Bxc3 29. bxc3 f5 (29... Kh8 $142 30. Rg1 Qh3) 30. Rg1 Qh5 31. Bf3 Qf7 32. Ng6 Ng5 33. Nxf8 ({Weaker is} 33. fxg5 Qxg6 34. Qh4 h5 $18) 33... Nh3 34. Qg2 Nxg1 35. Rxg1 ({Not} 35. Qxg1 Kxf8 36. Rb1 Bb7 $18) 35... Qxf8 36. Qg6 Bb7 {If Black can now play ...Qf7 this consolidates a bit.} 37. Qxb6 Qf7 38. Qxc5 {White is clearly winning.} Kh8 39. Qxc4 Rd8 {[%cal Rb7d5]} 40. Rd1 g5 41. Qd4 gxf4 42. Qxf4 {Precision: White = 83%, Black = 28%.} 1-0

[Event "World Junior U20 Open 2018"]
[Site "Gebze"]
[Date "2018.09.06"]
[Round "2.23"]
[White "Krishna Teja, N."]
[Black "Jarmula, Lukasz"]
[Result "0-1"]
[WhiteElo "2356"]
[BlackElo "2504"]
[Annotator "ChessBase"]
[PlyCount "50"]
[EventDate "2018.09.05"]
[EventType "swiss"]
[EventCountry "TUR"]
[SourceTitle "playchess.com"]
[Source "ChessBase"]
[SourceQuality "1"]
[TimeControl "40/5400+30:1800+30"]

1. d4 {[%emt 0:00:30]} Nf6 {[%emt 0:00:30]} 2. c4 {[%emt 0:00:00]} e6 {[%emt 0:00:30]} 3. Nc3 {[%emt 0:00:00]} Bb4 {[%emt 0:00:30]} 4. Qc2 {[%emt 0:00:30]} O-O {[%emt 0:00:00]} 5. Nf3 {[%emt 0:00:00]} c5 {[%emt 0:00:00]} 6. dxc5 {[%emt 0:00:00]} Na6 {[%emt 0:00:00]} 7. Bf4 {[%emt 0:05:30]} Nxc5 {[%emt 0:04:00]} 8. a3 {[%emt 0:03:30]} Bxc3+ {[%emt 0:03:30]} 9. Qxc3 {[%emt 0:00:30]} Nce4 {[%emt 0:02:30]} 10. Qd4 {[%emt 0:00:30]} d6 {[%emt 0:05:30]} 11. O-O-O {[%emt 0:10:30]} Qc7 {[%emt 0:10:30]} 12. Bxd6 {[%emt 0:03:30]} Nxd6 {[%emt 0:00:30]} 13. Qxd6 {[%emt 0:00:00]} Qxc4+ {[%emt 0:04:30]} 14. Kb1 {[%emt 0:00:00]} Ne4 {[%emt 0:07:30]} 15. Qe7 {[%emt 0:19:30]} e5 {[%emt 0:24:30]} 16. Nxe5 {[%emt 0:18:30]} Nc3+ {[%emt 0:06:30]} 17. Kc1 {[%emt 0:03:30]} Qb3 {[%emt 0:04:30]} 18. bxc3 {[%emt 0:09:30]} Qxc3+ {[%emt 0:03:40]} 19. Kb1 {[%emt 0:00:30]} Bf5+ {[%emt 0:02:35]} 20. e4 {[%emt 0:00:30]} Qb3+ {[%emt 0:01:37]} 21. Kc1 {[%emt 0:00:30]} Bxe4 {[%emt 0:02:43]} 22. Bd3 {[%emt 0:03:30]} Rac8+ {[%emt 0:02:12]} 23. Kd2 {[%emt 0:00:00]} Bxd3 {[%emt 0:01:29]} 24. Qb4 {[%emt 0:00:00]} Qc2+ {[%emt 0:00:14]} 25. Ke3 {[%emt 0:00:30]} Qe2+ {[%emt 0:00:05]} 0-1

[Event "World Junior U20 Open 2018"]
[Site "Gebze"]
[Date "2018.09.06"]
[Round "2.24"]
[White "Arcuti, Davide"]
[Black "Bellahcene, Bilel"]
[Result "0-1"]
[WhiteElo "2356"]
[BlackElo "2501"]
[Annotator "TA"]
[PlyCount "52"]
[EventDate "2018.09.05"]
[EventType "swiss"]
[EventCountry "TUR"]
[SourceTitle "playchess.com"]
[Source "ChessBase"]
[SourceQuality "1"]

{[%evp 23,52,-5,0,-7,0,0,0,-7,0,-19,-10,-37,-16,-16,-22,-144,-146,-188,-168,-417,-425,-422,-422,-418,-384,-527,-493,-505,-424,-417,-417]} 1. d4 Nf6 2. c4 e6 3. Nc3 Bb4 4. Qc2 c5 5. dxc5 O-O 6. a3 Bxc5 7. Nf3 b6 8. Bf4 Bb7 9. Rd1 Nc6 10. e3 {E39: Nimzo-Indian: Classical: 4...c5 5 dxc5 0-0} (10. b4 Nh5 11. Bc1 Be7 12. e4 a6 13. Be2 Qc7 14. O-O Nf6 15. g3 Rac8 16. Rfe1 d6 17. Bf4 Nd7 {½-½ (56) Miljkovic,M (2478)-Jakovenko,D (2748) Struga 2018}) 10... Nh5 11. Bd6 Bxd6 12. Rxd6 Qe7 {LiveBook: 5 Games} 13. Qd1 {[#]} Rad8 $146 ({Predecessor:} 13... Nf6 14. Be2 Rfd8 15. O-O Rac8 16. b4 Nb8 17. Nb5 a6 {½-½ (38) Xu,J (2626)-Seirawan,Y (2626) Beijing 2003}) 14. Be2 f5 {[%cal Bf7f5,Bf5e4,Be4f3][%mdl 32]} 15. O-O Nf6 16. Rd2 Ne4 17. Nxe4 fxe4 18. Nd4 Ne5 19. Kh1 (19. Nb5 $11 {keeps the balance.}) 19... Qg5 $1 $17 20. Qb3 {[#]} Nf3 $1 {[%mdl 512]} 21. Bxf3 $2 (21. Qd1 Nxd2 22. Qxd2) (21. gxf3 exf3) 21... exf3 $19 {[%csl Gb7,Gf3][%cal Rg5g2]} 22. g4 {[#]} Rf6 $1 {[%cal Rf6h6] Strongly threatening ...Rh6.} ({Weaker is} 22... Qxg4 23. Rg1 $15) 23. Qb5 {[#]} e5 $1 ({Less strong is} 23... Qxg4 24. Rg1 $15) 24. Nf5 Rxf5 25. Rxd7 Rxd7 26. Qxd7 Rf7 {Precision: White = 21%, Black = 75%.} 0-1

[Event "World Junior U20 Open 2018"]
[Site "Gebze"]
[Date "2018.09.06"]
[Round "2.25"]
[White "Asadli, Vugar"]
[Black "Sawlin, Leonid"]
[Result "1-0"]
[WhiteElo "2492"]
[BlackElo "2355"]
[Annotator "ChessBase"]
[PlyCount "77"]
[EventDate "2018.09.05"]
[EventType "swiss"]
[EventCountry "TUR"]
[SourceTitle "playchess.com"]
[Source "ChessBase"]
[SourceQuality "1"]
[TimeControl "40/5400+30:1800+30"]

1. e4 {[%emt 0:03:30]} e6 {[%emt 0:01:30]} 2. d4 {[%emt 0:00:30]} d5 {[%emt 0:00:00]} 3. Nc3 {[%emt 0:00:00]} Nf6 {[%emt 0:06:00]} 4. e5 {[%emt 0:01:00]} Nfd7 {[%emt 0:00:30]} 5. f4 {[%emt 0:00:30]} c5 {[%emt 0:00:30]} 6. Nf3 {[%emt 0:00:30]} Nc6 {[%emt 0:00:00]} 7. Be3 {[%emt 0:00:00]} Be7 {[%emt 0:00:00]} 8. Qd2 {[%emt 0:00:00]} b6 {[%emt 0:01:30]} 9. O-O-O {[%emt 0:05:30]} O-O {[%emt 0:01:30]} 10. g4 {[%emt 0:00:30]} a6 {[%emt 0:03:30]} 11. Ne2 {[%emt 0:02:30]} Qc7 {[%emt 0:06:30]} 12. Kb1 {[%emt 0:01:30]} f6 {[%emt 0:13:30]} 13. exf6 {[%emt 0:20:30]} Nxf6 {[%emt 0:00:30]} 14. Rg1 {[%emt 0:00:30]} Ne4 {[%emt 0:03:30]} 15. Qe1 {[%emt 0:00:30]} Bd6 {[%emt 0:00:30]} 16. c3 {[%emt 0:01:30]} a5 {[%emt 0:03:30]} 17. g5 {[%emt 0:04:30]} a4 {[%emt 0:03:30]} 18. a3 {[%emt 0:01:30]} Ba6 {[%emt 0:02:30]} 19. Bh3 {[%emt 0:00:30]} Rae8 {[%emt 0:00:30]} 20. g6 {[%emt 0:00:00]} Bxe2 {[%emt 0:03:30]} 21. gxh7+ {[%emt 0:01:00]} Kh8 {[%emt 0:00:00]} 22. Qxe2 {[%emt 0:00:00]} Bxf4 {[%emt 0:00:00]} 23. Nh4 {[%emt 0:00:00]} Ne7 {[%emt 0:02:30]} 24. Bxe6 {[%emt 0:08:30]} Bxe3 {[%emt 0:07:30]} 25. Qxe3 {[%emt 0:01:30]} Rf6 {[%emt 0:00:30]} 26. Bh3 {[%emt 0:06:30]} Qxh2 {[%emt 0:02:30]} 27. c4 {[%emt 0:11:30]} Qf2 {[%emt 0:06:30]} 28. Ng2 {[%emt 0:02:30]} Qxe3 {[%emt 0:01:30]} 29. Nxe3 {[%emt 0:00:30]} Rf3 {[%emt 0:00:30]} 30. Bd7 {[%emt 0:00:00]} Rd8 {[%emt 0:00:30]} 31. Ng4 {[%emt 0:00:00]} Rxd7 {[%emt 0:03:30]} 32. Ne5 {[%emt 0:00:30]} Rb3 {[%emt 0:00:00]} 33. Rh1 {[%emt 0:01:30]} Nd6 {[%emt 0:06:00]} 34. Nxd7 {[%emt 0:01:30]} Nxc4 {[%emt 0:01:30]} 35. Rde1 {[%emt 0:00:30]} Rxb2+ {[%emt 0:02:03]} 36. Ka1 {[%emt 0:01:30]} Rb3 {[%emt 0:00:10]} 37. Rxe7 {[%emt 0:01:30]} Rxa3+ {[%emt 0:00:17]} 38. Kb1 {[%emt 0:00:00]} Rb3+ {[%emt 0:00:30]} 39. Kc1 {[%emt 0:01:00]} 1-0

[Event "World Junior U20 Open 2018"]
[Site "Gebze"]
[Date "2018.09.06"]
[Round "2.26"]
[White "Kalogeris, Ioannis"]
[Black "Lorparizangeneh, Shahin"]
[Result "1/2-1/2"]
[WhiteElo "2352"]
[BlackElo "2491"]
[Annotator "TA"]
[PlyCount "76"]
[EventDate "2018.09.05"]
[EventType "swiss"]
[EventCountry "TUR"]
[SourceTitle "playchess.com"]
[Source "ChessBase"]
[SourceQuality "1"]

{[%evp 15,76,24,15,-28,37,33,62,24,19,9,53,43,50,41,38,44,26,-61,18,0,39,12,33,0,0,0,6,6,42,8,16,8,14,-15,26,26,26,30,41,21,22,21,24,22,37,10,5,5,5,5,5,5,7,0,0,0,0,0,2,2,2,2,2]} 1. e4 c6 2. d4 d5 3. e5 c5 4. dxc5 e6 5. a3 (5. Nf3 Bxc5 6. Bd3 Ne7 7. O-O Ng6 8. a3 O-O 9. Nbd2 Nc6 10. b4 Bb6 11. Bb2 Nf4 12. Nb3 a5 13. Qd2 Nxd3 14. cxd3 {½-½ (38) Vitiugov,N (2735)-Anand,V (2776) Karlsruhe/Baden-Baden 2018}) 5... Bxc5 6. Nf3 {B12: Caro-Kann: Advance Variation} Ne7 7. b4 Bb6 8. Bb2 a5 {LiveBook: 4 Games} 9. Nc3 $146 ({Predecessor:} 9. b5 a4 10. Be2 Nd7 11. O-O O-O 12. c4 Nc5 13. Nc3 dxc4 {½-½ (39) Salgado Lopez,I (2629)-Gharamian,T (2626) Heraklio 2017}) 9... Bc7 (9... axb4 $11 10. axb4 Rxa1 11. Bxa1 O-O) 10. Nb5 $14 axb4 11. axb4 Rxa1 12. Qxa1 Nbc6 13. Nxc7+ Qxc7 14. b5 Na5 15. Bd3 Nc4 16. Bf1 (16. O-O $11) 16... Na5 (16... O-O $15) 17. Bd3 Nc4 18. Bd4 Bd7 19. Qa4 O-O 20. O-O Ng6 {[%cal Rg6e5]} 21. Re1 f6 {[%cal Rc4e5]} (21... h6 {keeps more tension.} 22. g3 Rc8 23. h4 Ne7 24. Qb4 Qd8) 22. Bxc4 Qxc4 23. Qxc4 dxc4 24. Rb1 Kf7 25. Nd2 fxe5 26. Bc3 Rd8 27. g3 Kg8 28. h4 Be8 29. Nxc4 Rc8 30. Rb4 Ne7 {[#] aiming for ...Nd5.The position is equal.} 31. Bxe5 Nd5 32. Nd6 Nxb4 33. Nxc8 {Strongly threatening Nd6.} Bxb5 $11 {KBN-KBN} 34. Nd6 Bc6 35. c4 Nd3 36. f4 Nc5 37. Kf2 Ne4+ 38. Nxe4 Bxe4 {Precision: White = 49%, Black = 55%.} 1/2-1/2

[Event "World Junior U20 Open 2018"]
[Site "Gebze"]
[Date "2018.09.06"]
[Round "2.27"]
[White "Sadikhov, Ulvi"]
[Black "Piyumantha, M Sasith Nipun"]
[Result "1-0"]
[WhiteElo "2491"]
[BlackElo "2139"]
[Annotator "TA"]
[PlyCount "125"]
[EventDate "2018.09.05"]
[EventType "swiss"]
[EventCountry "TUR"]
[SourceTitle "playchess.com"]
[Source "ChessBase"]
[SourceQuality "1"]

{[%evp 22,125,18,31,96,17,56,31,52,30,38,25,50,35,64,42,61,55,61,61,61,60,65,51,65,51,57,54,64,64,64,57,64,64,64,64,64,64,68,68,68,68,76,76,76,76,76,76,125,118,125,125,125,125,125,125,125,125,125,125,125,125,125,125,290,290,290,290,290,290,177,81,81,0,81,81,81,81,81,0,81,0,81,0,81,77,810,810,810,810,5631,457,5710,5639,29987,29988,29988,29989,29989,29990,29990,29991,29991,29992,29992,29993]} 1. e4 c6 2. d4 d5 3. e5 Bf5 4. Nf3 e6 5. Be2 c5 6. O-O Nc6 7. c3 cxd4 {B12: Caro-Kann: Advance Variation} 8. Nxd4 Nxd4 (8... Nge7 9. Qb3 Qd7 10. f4 Bg6 11. Be3 Nf5 12. Nxf5 Bxf5 13. Nd2 h5 14. Nf3 Be7 15. Rad1 {½-½ (38) Fressinet,L (2662)-Kasimdzhanov,R (2683) Riadh 2017}) 9. cxd4 Ne7 10. Nc3 Nc6 11. g4 Bg6 12. f4 {LiveBook: 9 Games. Hoping for f5.} Qd7 (12... f5 $14) 13. h4 $146 (13. f5 $1 $16 {[%cal Rf5g6]} exf5 14. Bf3) ({Predecessor:} 13. f5 exf5 14. h4 fxg4 15. Bxg4 {1-0 (30) Kosteniuk,A (2489)-Soumya,S (2271) Istanbul 2012}) 13... Be4 14. Be3 Be7 15. h5 g6 16. h6 a6 17. Rc1 Bf8 18. Na4 Qd8 {And now ...Qh4 would win.} 19. g5 Be7 20. Nc5 Bxc5 $1 21. Rxc5 O-O 22. Qa4 Qb6 23. b3 Qd8 24. Rfc1 Qd7 25. Kf2 Rfb8 26. Qa3 Rc8 27. R5c3 Qe8 28. Qc5 Qf8 29. b4 Rd8 30. Qxf8+ Kxf8 31. a3 Rdc8 32. a4 Ke8 33. b5 axb5 34. Bxb5 Kd7 35. Bd2 Kd8 36. Ke3 Na7 37. Rxc8+ Rxc8 38. Ba5+ Ke7 39. Bb4+ Kd8 40. Rxc8+ Nxc8 $16 {[%mdl 4096] Endgame KBB-KBN} 41. a5 Na7 42. Ba4 Bb1 $2 (42... Bg2 $16) 43. Bc5 $18 Nc8 {[#]} 44. Kd2 $1 {[%cal Rd2c3]} Be4 {[#]} 45. Kc3 $1 Bg2 46. Kb4 (46. Bf8 $18 {has better winning chances.}) 46... Bf1 $16 47. Kc3 (47. Ka3 $16) 47... Be2 (47... Bg2 $1 $11) 48. Kd2 Bf1 49. Ke3 Bc4 50. Kd2 Bf1 $1 51. Kc3 Be2 52. Kb4 Bf1 $1 53. Bf8 {Strongly threatening Kc5.} Be2 $2 {[%mdl 8192]} (53... b6 $16) 54. Kc5 $18 Bf1 55. Bg7 Ke7 56. Bf6+ Kf8 57. Bd7 Na7 58. Kb6 {White mates.} Nc6 59. Bxc6 bxc6 60. a6 Bxa6 61. Kxa6 Ke8 62. Kb6 Kd7 63. Kb7 {Precision: White = 67%, Black = 45%.} 1-0